000 01815nam0a22003131 4500
001 v19\rc\1262999
005 20260405115509.0
035 _a(NLR Aleph) 005192745
090 _a5229850
_c5229850
100 _a20060306e18931893|||y0rusy50 ca
101 0 _arus
102 _aRU
105 _ay z |||h|
200 1 _aРечь высокопреосвященного Палладия, митрополита С.-Петербургского и Ладожского, к преосвященному Алексию, епископу Сарапульскому при вручении пастырского жезла
210 _a[Санкт-Петербург]
_dценз. 1893
215 _a4 с.
309 _aБез тит. л. и обл.
311 _aИз журн. "Церковные ведомости" № 24, 1893 г.
488 0 _12001#$aЦерковные ведомости$v1893, № 24
_tЦерковные ведомости
532 1 2 _aРечь высокопреосвященного Палладия, митрополита Санкт-Петербургского и Ладожского, к преосвященному Алексию, епископу Сарапульскому при вручении пастырского жезла
700 0 _8rus
_7ca
_aПалладий
_cРаев, Павел Иванович
_cмитрополит Санкт-Петербургский и Ладожский
_f1827-1898
_3RU\NLR\AUTH\7745869
_928804
702 0 _aАлексий
_cепископ Сарапульский
_4570
790 1 _9z01700
_aРаев
_bП.И.
_f1827-1898
_gПавел Иванович
801 0 _aRU
_bNLR
_c20060306
_gpsbo
801 1 _aRU
_bProSoft-M
_c20060306
_2rusmarc
801 2 _aRU
_bNLR
_c20070317
_2rusmarc
852 _aNLR
_j18.267.3.187
942 _cBOOK
980 _aNB